000 00319 a2200169 4500
001 175154
020 _a
040 _cMagnum
100 _aLoumaye, Jacqueline
240 1 0 _aVan Gogh
_lpor
245 1 0 _aVan Gogh
300 _a62
362 0 _a1990
440 1 _aSalamandra
697 _aPINTORES
942 _cBK
999 _c175154
_d175154